000 01676nam0a2200385 i 4500
001 RU\NLR\bibl\2076083
005 20240921150958.0
021 _aRU
_b2013-66238
_94536
035 _a(nilc)RuMoRGB-006636282
035 _a(NLR Aleph) 002071509
090 _a4760448
_c4760448
100 _a20130822d2013 u y0rusy50 ca
101 0 _arus
_deng
102 _aRU
105 _aa zzzz|||||
200 1 _aКонструкция и результаты испытаний первого прототипа детектора эксперимента NA62 на тонкостенных дрейфовых трубках
_fН. И. Азорский, С.Н. Базылев, Л.Н. Глонти [и др.]
210 _aДубна
_cОИЯИ
_d2013
215 _a14, [1] с.
_cил.
_d22
225 1 _aОбъединенный институт ядерных исследований, Дубна
_vР13-2013-50
300 _aРез. на англ. яз.
320 _aБиблиогр. в конце кн.
606 _aДетекторы ядерного излучения газоразрядные
_xДрейфовые трубки
_92181980
_3RU\NLR\AUTH\6601548587
610 0 _aдетекторы на тонкостенных дрейфовых трубках
686 1 _aВ381.5
701 1 _aАзорский
_bН. И.
_4070
701 1 _aБазылев
_bС. Н.
_4070
701 1 _aГлонти
_bЛ. Н.
_4070
801 0 _aRU
_bRuMoRKP
_c20130822
_gRCR
801 2 _aRU
_bРГБ
_c20130909
_grcr
801 1 _aRU
_bRuMoRKP
_c20130822
_2rusmarc
801 2 _aRU
_bNLR
_c20130927
_grcr
942 _cBOOK
980 _aNBR